000
00329nam a22001457a 4500
008
210322b ||||| |||| 00| 0 eng d
020
_a
2900393919560
041
_a
eng
080
_2
3rd
_a
070
082
_a
070
100
_a
39
101
_a
MED
245
_a
The Norton Field Guide to Writing
_c
Bullock, R.
942
_2
udc
_c
BK
999
_c
56640
_d
56640